Escuela, diversidad cultural e inclusión / (Record no. 184032)

MARC details
000 -LEADER
campo de control de longitud fija 01220nam a2200313 i 4500
001 - NÚMERO DE CONTROL
campo de control 184032
003 - IDENTIFICADOR DE NÚMERO DE CONTROL
campo de control ES-MaACL
005 - FECHA Y HORA DE LA ÚLTIMA TRANSACCIÓN
campo de control 20250923161124.0
008 - DATOS DE LONGITUD FIJA--INFORMACIÓN GENERAL
campo de control de longitud fija 150223s2014 sp | |||||||| | spa d
020 ## - NÚMERO INTERNACIONAL ESTÁNDAR DEL LIBRO
Número Internacional Estándar del Libro 978-84-8319-884-1
080 ## - NÚMERO DE LA CLASIFICACIÓN DECIMAL UNIVERSAL
Número de la Clasificación Decimal Universal 37.046.2-054.72
080 ## - NÚMERO DE LA CLASIFICACIÓN DECIMAL UNIVERSAL
Número de la Clasificación Decimal Universal 37.017
080 ## - NÚMERO DE LA CLASIFICACIÓN DECIMAL UNIVERSAL
Número de la Clasificación Decimal Universal 37.043
245 00 - MENCIÓN DEL TÍTULO
Título Escuela, diversidad cultural e inclusión /
Mención de responsabilidad, etc. José Antonio García Fernández e Isidro Moreno Herrero (coords.).
260 ## - PUBLICACIÓN, DISTRIBUCIÓN, ETC.
Lugar de publicación, distribución, etc. Madrid :
Nombre del editor, distribuidor, etc. Los Libros de la Catarata,
Fecha de publicación, distribución, etc. D.L. 2014.
300 ## - DESCRIPCIÓN FÍSICA
Extensión 221 p. ;
Dimensiones 21 cm.
490 1# - MENCIÓN DE SERIE
Mención de serie Investigación y debate ;
Designación de volumen o secuencia 127
504 ## - NOTA DE BIBLIOGRAFÍA, ETC.
Nota de bibliografía, etc. Bibliografía: p. 218-221.
650 07 - PUNTO DE ACCESO ADICIONAL DE MATERIA--TÉRMINO DE MATERIA
Término de materia o nombre geográfico como elemento de entrada Emigrantes-
Subdivisión general Integración social.
9 (RLIN) 12194
650 #7 - PUNTO DE ACCESO ADICIONAL DE MATERIA--TÉRMINO DE MATERIA
Término de materia o nombre geográfico como elemento de entrada Educación intercultural
Fuente del encabezamiento o término embne
9 (RLIN) 142975
650 #7 - PUNTO DE ACCESO ADICIONAL DE MATERIA--TÉRMINO DE MATERIA
Término de materia o nombre geográfico como elemento de entrada Educación inclusiva
Fuente del encabezamiento o término embne
9 (RLIN) 156425
700 1# - ENTRADA AGREGADA--NOMBRE PERSONAL
Nombre de persona García Fernández, José Antonio,
Fechas asociadas al nombre 1945-
9 (RLIN) 156426
700 1# - ENTRADA AGREGADA--NOMBRE PERSONAL
Nombre de persona Moreno Herrero, Isidro.
9 (RLIN) 156427
830 0# - PUNTO DE ACCESO ADICIONAL DE SERIE-TÍTULO UNIFORME
Título uniforme Investigación y debate ;
Designación de volumen o secuencia 127
9 (RLIN) 176669
852 ## - LOCALIZACIÓN
Ubicación ES-MaACL
Número de control de estantería A-13416
itemnumber 190998
Sublocalización o colección R.150191
Ubicación en estantería Depósito 1
Signatura antigua Olim: N-6416
Donativo/Legado Donación: Sección de Educación del Ateneo de Madrid
914 ## - NOMBRE ENTIDAD DE DONANTE
Nombre de congreso/reunión o jurisdicción como elemento de entrada Ateneo de Madrid.
Unidad subordinada Donante
RLIN 234579
942 ## - ELEMENTOS DE ENTRADA SECUNDARIOS (KOHA)
Fuente del sistema de clasificación o colocación Clasificación decimal universal
Tipo de ítem Koha Libro impreso
Holdings
Estatus retirado Estado de pérdida Fuente del sistema de clasificación o colocación Estado de daño No para préstamo Biblioteca de origen Biblioteca actual Ubicación en estantería Fecha de adquisición Fuente de adquisición Total de préstamos Signatura topográfica completa Código de barras Visto por última vez Precio de reemplazo Tipo de ítem Koha
    Clasificación decimal universal     Biblioteca del Ateneo de Madrid Biblioteca del Ateneo de Madrid Depósito 1 23/02/2015 Donación   A-13416 1193519 23/02/2023 23/02/2023 Libro impreso